A view from the bund / (Record no. 140972)

MARC details
000 -LEADER
fixed length control field 00486nam a22001817a 4500
005 - DATE AND TIME OF LATEST TRANSACTION
control field 20170609153022.0
010 ## - LCCN (DPL NO)
LC control number ENG-118612
020 ## - INTERNATIONAL STANDARD BOOK NUMBER
International Standard Book Number 9789385288128
Terms of availability 299.00
035 ## - SYSTEM CONTROL NUMBER
System control number EN-102144
037 ## - SOURCE OF ACQUISITION
Source of stock number/acquisition DBAD/PUB
082 ## - DEWEY DECIMAL CLASSIFICATION NUMBER
Classification number N
100 ## - MAIN ENTRY--PERSONAL NAME
Personal name Bedford,Ian
245 ## - TITLE STATEMENT
Title A view from the bund /
Statement of responsibility, etc byIan Bedford
260 ## - PUBLICATION, DISTRIBUTION, ETC. (IMPRINT)
Place of publication, distribution, etc New Delhi
Name of publisher, distributor, etc Speaking Tiger
Date of publication, distribution, etc 2015
270 ## - ADDRESS
Address 4381/4,Ansari Road, Daryaganj,
City New Delhi
Postal code 110002
300 ## - PHYSICAL DESCRIPTION
Extent 297p.
Dimensions 20cm(pbk)
942 ## - ADDED ENTRY ELEMENTS (KOHA)
Source of classification or shelving scheme Dewey Decimal Classification
Item type English Books
Call number suffix BED
Classification part N
Holdings
Withdrawn status Lost status Not for loan Collection code Home library Current library Date acquired Source of acquisition Cost, normal purchase price Full call number Barcode Copy number Cost, replacement price Koha item type
    Not For Loan Non-fiction D.B.Act.Division Bawana 09/06/2017 DBAD/PUB 299.00 N BED EN-102144 1 299.00 English Books

© Delhi Public Library
Hit Counter
free hit counter